Оценка нормативных тепловых потерь при транспорте тепловой энергии от кемеровской ТЭЦ. Анализ температурных графиков отпуска тепла при центральном качественном регулировании; Современные техника и технологии; Т. 3

Opis bibliograficzny
Parent link:Современные техника и технологии: 13-я Международная научно-практическая конференция студентов, аспирантов и молодых ученых, г. Томск, 26-30 марта 2007 г./ Томский политехнический университет (ТПУ).— , 2007
Т. 3.— 2007.— С. 186-188
1. autor: Астахов Я. В.
Kolejni autorzy: Вилесов Д. Н., Молодёжников П. П.
Język:rosyjski
Wydane: 2007
Hasła przedmiotowe:
Format: Rozdział
KOHA link:https://koha.lib.tpu.ru/cgi-bin/koha/opac-detail.pl?biblionumber=134013

MARC

LEADER 00000naa2a2200000 4500
001 134013
005 20231031135531.0
035 |a (RuTPU)RU\TPU\book\145257 
090 |a 134013 
100 |a 20080325d2007 k y0rusy50 ca 
101 0 |a rus 
102 |a RU 
200 1 |a Оценка нормативных тепловых потерь при транспорте тепловой энергии от кемеровской ТЭЦ. Анализ температурных графиков отпуска тепла при центральном качественном регулировании  |f Я. В. Астахов, Д. Н. Вилесов, П. П. Молодёжников 
461 1 |0 (RuTPU)RU\TPU\book\136926  |t Современные техника и технологии  |o 13-я Международная научно-практическая конференция студентов, аспирантов и молодых ученых, г. Томск, 26-30 марта 2007 г.  |o труды в 3 т.  |f Томский политехнический университет (ТПУ)  |d 2007 
463 0 |0 (RuTPU)RU\TPU\book\136414  |t Т. 3  |v С. 186-188  |d 2007  |p 400 с. 
610 1 |a тепловые потери 
610 1 |a нормативы 
610 1 |a оценка 
610 1 |a тепловая энергия 
610 1 |a транспортировка 
610 1 |a температурные графики 
610 1 |a тепло 
610 1 |a графики оптуска тепла 
610 1 |a регулирование 
610 1 |a теплоснабжение 
610 1 |a центральное отопление 
610 1 |a труды учёных ТПУ 
700 1 |a Астахов  |b Я. В. 
701 1 |a Вилесов  |b Д. Н. 
701 1 |a Молодёжников  |b П. П. 
801 1 |a RU  |b 63413507  |c 20080325  |g PSBO 
801 2 |a RU  |b 63413507  |c 20141020  |g RCR 
942 |c BK